000 00727nam a2200289Ia 4500
005 20260324131815.0
008 008 260324s9999 xx 000 0 eng d
020 _a9780429483165
037 _aEBOOK
040 _aCRL
040 _beng
040 _cCRL
041 _2eng
041 _aeng
084 _qCRL
100 _aAnne Kearns
_91171135
245 4 _aThe Seven Deadly Sins?
245 0 _bIssues in Clinical Practice and Supervision for Humanistic and Integrative Practitioners
260 _bTaylor and Francis
260 _c2005
365 _a
365 _b205
856 _uhttp://www.taylorfrancis.com/books/9780429483165
942 _cEBOOK
999 _c1784414
_d1784414